| 000 | 00563nam a22001937a 4500 | ||
|---|---|---|---|
| 005 | 20250707125107.0 | ||
| 010 | _aENG-145733 | ||
| 020 |
_a9789357431736 _c145.00 |
||
| 035 | _aEN-129265 | ||
| 037 | _bDBAD/ | ||
| 082 | _a025.4 | ||
| 100 |
_aManjiri Prabhu _982671 |
||
| 245 |
_aThe Rampur Raza Mystery _cManjiri Prabhu |
||
| 260 |
_bNational Book Trust _aNew Delhi |
||
| 270 | _aNehru Bhawan,5 Institutional Area, Phase-2 , Basant Kunj , Delhi-110070 | ||
| 300 |
_a164 p. _c21.5m(pb) |
||
| 700 | _982641 | ||
| 942 |
_2ddc _cEN _h025.4 _mPra |
||
| 999 |
_c212162 _d212162 |
||